PATHOLOGY QUICK REVIEW (Record no. 12117)

MARC details
000 -LEADER
fixed length control field 00357nam a22001577a 4500
003 - CONTROL NUMBER IDENTIFIER
control field OSt
008 - FIXED-LENGTH DATA ELEMENTS--GENERAL INFORMATION
fixed length control field 231017b |||||||| |||| 00| 0 eng d
020 ## - INTERNATIONAL STANDARD BOOK NUMBER
International Standard Book Number 9789356963344
100 ## - MAIN ENTRY--PERSONAL NAME
Personal name MOHAN,HARSH
245 ## - TITLE STATEMENT
Title PATHOLOGY QUICK REVIEW
250 ## - EDITION STATEMENT
Edition statement 6TH
260 ## - PUBLICATION, DISTRIBUTION, ETC. (IMPRINT)
Place of publication, distribution, etc NEW DELHI
Name of publisher, distributor, etc CBS PUB.
300 ## - PHYSICAL DESCRIPTION
Extent XIV,268
650 ## - SUBJECT ADDED ENTRY--TOPICAL TERM
Topical term or geographic name as entry element PATHOPHYSIOLOGY
942 ## - ADDED ENTRY ELEMENTS (KOHA)
Source of classification or shelving scheme Dewey Decimal Classification
Koha item type Text Books
Holdings
Withdrawn status Lost status Source of classification or shelving scheme Damaged status Not for loan Collection code Home library Current library Date acquired Source of acquisition Currency Cost, normal purchase price Bill Number Total Checkouts Full call number Acc. no. / Barcode Date last seen Actual Cost, discounted price Bill Date Koha item type Date last borrowed Checked out
    Dewey Decimal Classification     B.Pharma PIET C-LIBRARY PIET C-LIBRARY 14/10/2023 KIRTI PRAKSHAN RUPEES 2795.00 IN-1041   616.07 MOP BP2317 17/10/2023 2068.30 05/10/2023 Reference Books    
    Dewey Decimal Classification     B.Pharma PIET C-LIBRARY PIET C-LIBRARY 14/10/2023 KIRTI PRAKSHAN RUPEES 2795.00 IN-1041 4 616.07 MOP BP2318 21/07/2025 2068.30 05/10/2023 Text Books 08/07/2025  
    Dewey Decimal Classification     B.Pharma PIET C-LIBRARY PIET C-LIBRARY 05/02/2026 Zafaa Books Distributres Indian Rup 2395.00 ZBDO422 3 616.07 MOP BP2943 05/06/2026 1724.40 04/02/2026 Text Books 05/06/2026 19/06/2026

Design & Developed by: PIET Central Library
R70 Miles Stone Pattikalyana Samalkha Panipat 132102
mail ID :- [email protected], Phone No:- 0180-2569700 Ex.216